000 00335nam a2200121 i 4500
001 bg
245 0 _aOrganizacja i eksploatacja systemów komputerowego przetwarzania danych /
_cpr. zbior. pod red. H. Sobisa.
260 _aWarszawa,
_c1989.
040 _cBPK
041 _apol
942 _cKS
008 s pl f |000 0 pol
999 _c4055
_d4055
856 _uhttp://koha.tu.koszalin.pl/cgi-bin/koha/opac-detail.pl?biblionumber=4055
_yKatalog online BPK